000
00317nam a22001457a 4500
008
210305b ||||| |||| 00| 0 eng d
020
_a
3540900667
041
_a
eng
080
_a
51
082
_2
51
100
_a
38
101
_a
MAT
245
_a
Graduate Texts in Mathematics
_c
Richard Beals
942
_2
udc
_c
BK
999
_c
55817
_d
55817